00377 a2200109 4500001001000000005001700010008004100027245010100068100002700169773005400196999001700250ART_2648020260410161933.0260409a 10aEl plan de estabilidad y desarrollo económico y la banca comercial en la República Argentina1 aCarbonell Tur, Antonio0 tInformeg- Año II, Nº 14 (ago. 1970)wREV23765 c28788d28788